00510nam a2200169Ia 4500003000400000005001700004008004100021020001800062040000900080082001800089100003700107245006600144260006400210300000900274942004200283999001500325OSt20210121102227.0190216s9999||||xx |||||||||||||| ||und|| a9780070435773 coclc a658.45bMON/B a Monippally, Matthukutty M91330 0aBusiness Communication Strategies /cMatthukutty M Monippally bTata Mcgraw Hill Publishing Company Ltd,c2002.aNew Delhi: a258p cBK2ddch658.45iMON/Bk658.45mMON/B c6541d6541